ბათუმის შოთა რუსთაველის სახელმწიფო უნივერსიტეტის ბიბლიოთეკა

მოამბე. №1 (ბიბ.ჩანაწერი № 41324)

000 -LEADER
fixed length control field 00874nam a2200193Ia 4500
001 - CONTROL NUMBER
control field 7982
003 - CONTROL NUMBER IDENTIFIER
control field GE_BSU
008 - FIXED-LENGTH DATA ELEMENTS--GENERAL INFORMATION
fixed length control field 181216s||||||||xx |||||||||||||| ||und||
040 ## - CATALOGING SOURCE
Transcribing agency GE_BSU
245 ## - TITLE STATEMENT
Title მოამბე. №1
245 ## - TITLE STATEMENT
Remainder of title აკაკი წერეთლის სახელმწიფო უნივერსიტეტის:BULLETIN of Akaki Tsereteli State University.
245 ## - TITLE STATEMENT
Statement of responsibility, etc. მთ.რედ:ავთანდილ ნიკოლაიშვილი. სარედ.კოლ:იმერ ბასილაზე,ომარ კიკვიძე და სხვ.
260 ## - PUBLICATION, DISTRIBUTION, ETC.
Place of publication, distribution, etc. ქუთაისი.
260 ## - PUBLICATION, DISTRIBUTION, ETC.
Name of publisher, distributor, etc. აკაკი წერეთლის სახელმწიფო უნივერსიტეტი.
260 ## - PUBLICATION, DISTRIBUTION, ETC.
Date of publication, distribution, etc. 2013.
300 ## - PHYSICAL DESCRIPTION
Extent 289გვ;25სმ.
653 ## - INDEX TERM--UNCONTROLLED
Uncontrolled term მოამბე.
942 ## - ADDED ENTRY ELEMENTS (KOHA)
Koha item type პერიოდიკა
ეგზემპლარები
Withdrawn status Lost status Damaged status Not for loan Date acquired Barcode Date last seen Price effective from Koha item type
        2018-12-17 p75859 2018-12-17 2018-12-17 პერიოდიკა